| 000 | 01109nam a2200217 a 4500 | ||
|---|---|---|---|
| 001 | REB010210 REB010567 REB010612 | ||
| 003 | PILC | ||
| 005 | 20150921090920.0 | ||
| 008 | |||
| 020 | _a9789715064699 | ||
| 050 |
_aBT 65 _b.Es51 2008 |
||
| 100 | _aEsma, Victoria G. | ||
| 245 | 0 |
_aSalva vida: _cVictoria G. Esma, Richard G. Pazcoguin. _bsalvation story and study for college / |
|
| 260 |
_aManila : _bUST Publishing House, _c2008. |
||
| 300 |
_axii, 285 pages : _billustrations ; _c26 cm. |
||
| 500 | _aIncludes bibliographical references. | ||
| 505 |
_gUnit 1 _tIntroduction -- _tTheology and faith -- _tWord of God : revelation -- _tWord of God : The bible -- _tWord of God : Jesus Christ -- _gUnit 2 _tThe Old testament -- _tBeginnings -- _tThe faith of our fathers and mothers -- _tExodus -- _tJudges, kings, prophets -- _gUnit 3 _tThe New testament -- _tJesus and the Gospels -- _tThe public ministry of Jesus -- _tThe passion and the resurrection -- _tThe time of the church. |
||
| 650 |
_aBible _xTheology. |
||
| 650 |
_aReligion _xStudy and teaching. |
||
| 942 |
_2lcc _cBK _kLOC |
||
| 999 |
_c288697 _d288697 |
||